01182nam a2200193Ia 4500001001100000003001000011008004100021040002500062041001300087100003400100245004800134250001100182260008900193300002600282500026600308501011400574520026600688650003400954L251-17882IT-CnALBA170116s9999||||xx |||||||||||||| ||und|| aIT-CnALBAcIT-CnALBA aITALIANO aCALLERIO FERDINANDO, CANONICO 0aCONFERENZE PER LE FIGLIE DI MARIA. VOL. I.  a1a ed. aMILANObPALMA GIUS. LIBR. REL. EDIT. c1920 [1° Ed.:1920 - Ed.Ling.Originale: 1920] a72 p. (prefazione: 2) aMISSIONE DELLA FIGLIA DI MARIA. ELEZIONE. CHIAMATA. VERGINE NEL SECOLO. MATRIMONIO. DIVOZIONE. PREGHIERA. ORAZIONE MENTALE. S. MESSA. VISITA. ESAME DI COSCIENZA. RITIRO. IMITAZIONE DI CRISTO. UMILTÀ. OBBEDIENZA. POVERTÀ. PUREZZA. MANSUETUDINE. CARITÀ. RET aSocietà San Paolo EM - Piazza San Paolo, 14 - 12051 ALBA (CN) (non commercial uses only) ® Copyright 2017 aMISSIONE DELLA FIGLIA DI MARIA. ELEZIONE. CHIAMATA. VERGINE NEL SECOLO. MATRIMONIO. DIVOZIONE. PREGHIERA. ORAZIONE MENTALE. S. MESSA. VISITA. ESAME DI COSCIENZA. RITIRO. IMITAZIONE DI CRISTO. UMILTÀ. OBBEDIENZA. POVERTÀ. PUREZZA. MANSUETUDINE. CARITÀ. RET aPREDICAZIONE - ORATORIA SACRA